书目信息 |
| 题名: |
记忆力的科学
|
|
| 作者: | 小田晋 编著 | |
| 分册: | ||
| 出版信息: | 北京 华夏出版社 1999.01 |
|
| 页数: | 174页 | |
| 开本: | 64开 | |
| 丛书名: | ||
| 单 册: | ||
| 中图分类: | B842.3 | |
| 科图分类: | ||
| 主题词: | 心理过程 , 心理状态 | |
| 电子资源: | ||
| ISBN: | 7-5080-1693-9 | |
| 000 | 00571nam0 2200205 45 | |
| 001 | 0008171696 | |
| 005 | 20000817165351.2 | |
| 010 | @a7-5080-1693-9@d9.00元 | |
| 100 | @a20000817d1999 km y0chiy0120 ea | |
| 101 | 0 | @achi |
| 105 | @a z 000yy | |
| 200 | 1 | @a记忆力的科学@AJi Yi Li De Ke Xue@f(日)小田晋编著@F(Ri)Xiao Tian Jin Bian Zhu |
| 210 | @a北京@c华夏出版社@d1999.01 | |
| 215 | @a174页@d64开 | |
| 606 | 0 | @a心理过程 |
| 606 | 0 | @a心理状态 |
| 690 | @aB842.3@v3 | |
| 701 | 0 | @a小田晋@4编著 |
| 801 | @aCN@bPftUser@c20000817 | |
| 905 | @b109912-916@dB842.3@eX358@f5 | |
| 记忆力的科学/(日)小田晋编著.-北京:华夏出版社,1999.01 |
| 174页;64开 |
| ISBN 7-5080-1693-9:9.00元 |
| ● |
| 相关链接 |
|
|
|
正题名:记忆力的科学
索取号:B842.3/X358
 
预约/预借
| 序号 | 登录号 | 条形码 | 馆藏地/架位号 | 状态 | 备注 |
| 1 | 109912 | 201099122 | 社科库509/509社科库 36排1列6层/ [索取号:B842.3/X358] | 在馆 | |
| 2 | 109913 | 201099131 | 社科库509/ [索取号:B842.3/X358] | 在馆 | |
| 3 | 109914 | 201099140 | 社科库509/ [索取号:B842.3/X358] | 在馆 | |
| 4 | 109915 | 201099159 | 社科库509/ [索取号:B842.3/X358] | 在馆 | |
| 5 | 109916 | 201099168 | 社科库509/ [索取号:B842.3/X358] | 在馆 |